000 00509nam a22001817a 4500
003 CEME
005 20210628202906.0
008 210203b xxu||||| |||| 00| 0 eng d
020 _a0-8031-1399-4
040 _c.
082 _a621.388332 ADV
100 _aVoort, George F.Vander
_962178
245 _aAdvances in video technology for microstructural control
260 _aUSA
_bASTM
_c1993
300 _a387P
650 _aMICON 90. VIDEO TECHNOLOGY FOR MICROSTRUCTURAL CONTROL
_962179
942 _cBK
_2ddc
999 _c571371
_d571371